Statistiques concernant Harry Potter: le Sortilège de la Mort

Cliquez ici pour prendre le quiz!

Statistiques générales

  • Ce quiz a été pris 109 fois
    (76 depuis la dernière actualisation)
  • Le résultat moyen est 10 sur 15

Statistiques - réponses

InformationRéponses% Correct
EffetMort imminente et sans douleur
100%
FormuleAvada Kedavra
93%
Personne l'ayant subitJames Potter
88%
Personne l'ayant subitLily Potter
88%
Personne y ayant survécuHarry Potter
86%
Dernière apparitionHarry Potter et les Reliques de la Mort
83%
Première apparitionHarry Potter et la Coupe de Feu
78%
Personne l'ayant subitSirius Black
76%
Personne l'ayant subitAlbus Dumbledore
67%
Personne l'ayant subitCédric Diggory
67%
Personne l'ayant subitLord Voldemort
57%
"Groupe" auquel il appartientSortilèges Impardonnables
45%
Personne l'ayant subitFranck Bryce
21%
Type de sortMalédiction
19%
Personne l’ayant subitTom Jedusor Sr
7%

Distribution des résultats

Percentile par nombre de réponses

% des personnes avec chaque résultat

Votre développement - résultats

Vous n’avez pas pris ce quiz depuis la dernière actualisation